University Home | Library Home | Institutional Repository

Vent d'Est, vent d'Ouest : (Record no. 137731)

MARC details
000 -LEADER
fixed length control field 00820cam6a220021700 4500
001 - CONTROL NUMBER
control field tmp15356035
003 - CONTROL NUMBER IDENTIFIER
control field UPRA
005 - DATE AND TIME OF LATEST TRANSACTION
control field 20190822130322.0
008 - FIXED-LENGTH DATA ELEMENTS--GENERAL INFORMATION
fixed length control field 950801s1966 fr fre u
035 ## - SYSTEM CONTROL NUMBER
System control number (Sirsi) r10256
035 ## - SYSTEM CONTROL NUMBER
System control number (UPRA)tmp15356035
040 ## - CATALOGING SOURCE
Transcribing agency UPRA
041 1# - LANGUAGE CODE
Language code of text/sound track or separate title fre eng
Language code of original fre eng
100 1# - MAIN ENTRY--PERSONAL NAME
Personal name Buck, Pearl S. (Pearl Sydenstricker), 1892-1973.
Fuller form of name Buck, Pearl S. (Pearl Sydenstricker), 1892-1973.
Dates associated with a name Buck, Pearl S. (Pearl Sydenstricker), 1892-1973.
Linkage A63801.1
245 10 - TITLE STATEMENT
Title Vent d'Est, vent d'Ouest :
Remainder of title roman /
Statement of responsibility, etc. Traduit de l'anglais par Germaine Delamain ; Preface de Marc Chadourne.
260 ## - PUBLICATION, DISTRIBUTION, ETC.
Place of publication, distribution, etc. [Paris] :
Name of publisher, distributor, etc. Stock,
Date of publication, distribution, etc. [1966]
440 #0 - SERIES STATEMENT/ADDED ENTRY--TITLE
Title Livre de poche ;
Volume/sequential designation 912
Linkage S322.1
500 ## - GENERAL NOTE
General note Translation of East wind, west wind.
949 ## - LOCAL PROCESSING INFORMATION (OCLC)
a PS3503.U198
w lcc
i -1993
m MAIN
t BOOK
l ON-SHELF

No items available.

© 2026 - The University of Zambia Library - Koha v25.11